Newest Countries - Statistics

General Stats
  • This quiz has been taken 64 times
  • The average score is 16 of 25
Answer Stats
Answer % Correct
South Sudan
98%
Kosovo
84%
Montenegro / Serbia
84%
Croatia
82%
Slovakia / Czech Republic
82%
Slovenia
80%
Bosnia and Herzegovina
78%
Macedonia
76%
Belarus
75%
Ukraine
75%
Azerbaijan / Georgia
73%
Kazakhstan
71%
Turkmenistan
71%
Uzbekistan / Kyrgyzstan
71%
East Timor
69%
Estonia
69%
Tajikistan
69%
Armenia
65%
Moldova
65%
Palau / Marshall Islands / Micronesia
55%
Eritrea
45%
Germany
43%
Yemen
35%
Namibia
25%
Iraq
8%
No matching quizzes found
Score Distribution
Percent of People with Each Score
Percentile by Number Answered
Your Score History
You have not taken this quiz